000 00249nam a22001097a 4500
008 170126b xxu||||| |||| 00| 0 eng d
020 _a02785919
041 _aeng
080 _a61
245 _aCLINICS IN SPORTS MEDICINE
_cGUTEN, G.B
942 _2udc
_cBK
999 _c3703
_d3703